[Event "45th Olympiad 2024"]
[Site "Budapest HUN"]
[Date "2024.09.22"]
[Round "11.53"]
[Board "2"]
[White "Kulpruethanon, Thanadon"]
[Black "Amarathunga, Kosala Sandeepa Chamikara"]
[Result "1-0"]
[WhiteElo "2286"]
[BlackElo "1956"]
[PlyCount "117"]
[EventDate "2024.09.11"]
[WhiteTeam "Thailand"]
[BlackTeam "Sri Lanka"]
[WhiteTeamCountry "THA"]
[BlackTeamCountry "SRI"]

1. d4 Nf6 2. c4 e6 3. Nf3 d5 4. g3 dxc4 5. Bg2 Nc6 6. Qa4 Nd7 7. Qxc4 Nb6 8. Qd3 e5 9. Nxe5 Nb4 10. Qc3 Qxd4 11. O-O Qxc3 12. Nxc3 c6 ({RR} 12... Bd6 13. Nf3 c6 14. Rd1 Be7 15. a3 N4d5 16. Nxd5 Nxd5 17. Nd4 O-O 18. e4 Nb6 19. b3 {½-½ Khalifman,A (2667)-Adams,M (2755) Bundesliga 0001 2000 (11.2)}) ({RR} 12... Bd6 13. Nf3 c6 14. Ne4 Be7 15. Bf4 N4d5 16. Nd6+ Bxd6 17. Bxd6 Be6 18. Rac1 O-O-O 19. Ba3 Rhe8 20. Ng5 Nf6 21. Nxe6 fxe6 22. Bb4 e5 23. Rc2 e4 24. Rfc1 Rd5 25. Kf1 Kc7 26. Bd2 g5 27. h3 {1-0 Seo,J (2469)-Kekelidze,M (2364) 5th Paul Keres Open A 2024 (4.3)}) 13. a3 $146 ({RR} 13. Rd1 Be6 14. e4 Be7 15. f4 f6 16. Nf3 Bc5+ 17. Kh1 a5 18. Nd4 Bf7 19. a3 Bxd4 20. axb4 Bxc3 21. bxc3 a4 22. Be3 Nc4 23. Bc5 b6 24. Bd4 O-O 25. Bf1 b5 26. Kg2 Rfd8 27. Kf2 a3 {1-0 Doshi,M (2380)-Shvedova,A (2025) Titled Tuesday intern op 27th July blitz 2021 (8)}) ({RR} 13. Rd1 Be6 14. a3 N4d5 15. Ne4 Be7 16. Nd3 Rd8 17. Nec5 {½-½ Kopylov,M (2428)-Klovans,J (2492) Gelsenkirchen op 2000 (5)}) 13... N4d5 14. Nxd5 Nxd5 15. Bd2 Be6 16. b4 g6 17. Rab1 Bg7 18. Nd3 Rd8 19. Nc5 Bc8 20. Rfc1 O-O 21. a4 h6 22. e4 Nf6 23. Bc3 Rfe8 24. f3 Nd7 25. Bxg7 Kxg7 26. Rd1 Nxc5 27. bxc5 Be6 28. a5 a6 29. Bf1 Rxd1 30. Rxd1 Re7 31. Kf2 Bb3 32. Rb1 Ba4 33. Ke3 f5 34. Bh3 Kf6 35. Rb2 Bb5 36. Rd2 Ba4 37. Rd6+ Kf7 38. Kd4 fxe4 39. fxe4 Bc2 40. Rd7 Ke8 41. Rxe7+ Kxe7 42. Bc8 Ba4 43. Bxb7 Bb5 44. Ke5 Kd7 45. Kf6 Bd3 46. e5 Bc4 47. e6+ Bxe6 48. Bc8+ Kxc8 49. Kxe6 Kc7 50. Ke7 g5 51. g4 Kb7 52. Kd7 Kb8 53. Kxc6 Kc8 54. Kb6 Kb8 55. c6 Kc8 56. c7 h5 57. gxh5 g4 58. h6 g3 59. hxg3 1-0

[Event "45th Olympiad 2024"]
[Site "Budapest HUN"]
[Date "2024.09.22"]
[Round "11.53"]
[Board "3"]
[White "Kodithuwakku, K K Dinujaya"]
[Black "Bodemar, Jonathan"]
[Result "1-0"]
[WhiteElo "1826"]
[BlackElo "2195"]
[PlyCount "71"]
[EventDate "2024.09.11"]
[WhiteTeam "Sri Lanka"]
[BlackTeam "Thailand"]
[WhiteTeamCountry "SRI"]
[BlackTeamCountry "THA"]

1. e4 e6 2. d4 d5 3. e5 c5 4. c3 Nc6 5. Nf3 Nge7 6. Na3 cxd4 7. cxd4 Nf5 8. Nc2 Bd7 9. Bd3 Qb6 10. O-O a5 11. Kh1 Nb4 12. Nxb4 axb4 13. a4 $146 ({RR} 13. Re1 Be7 14. Bxf5 exf5 15. Bg5 Bf8 16. Qb3 Be6 17. a3 Qa6 18. Rec1 h6 19. Bd2 bxa3 20. bxa3 Be7 21. Rc7 b6 22. Bb4 Bd8 23. Rc3 Rc8 24. Rxc8 Qxc8 25. Qb2 g5 26. Rc1 Qa6 27. Kg1 g4 {½-½ Bacrot,E (2646)-Froewis,G (2456) TCh-AUT 2022-23 (6.3)}) ({RR} 13. h4 Bb5 14. h5 h6 15. Bxb5+ Qxb5 16. Bd2 Be7 17. Qb3 g6 18. hxg6 fxg6 19. g4 Ng7 20. Kg2 h5 21. gxh5 gxh5 22. a4 Qb6 23. Qd3 Nf5 24. Rg1 Rg8+ 25. Kh3 Kd7 26. a5 Qa6 27. Qxa6 bxa6 {½-½ Heberla,B (2550)-Glek,I (2429) 2nd Bundesliga Nord 23-24 2023 (5.1)}) ({RR} 13. Re1 Rc8 14. Bc2 Qc7 15. Bd3 Qb6 16. Bc2 Be7 17. Bxf5 exf5 18. Bg5 Bxg5 19. Nxg5 O-O 20. h3 {½-½ Erdos,V (2607)-Mirzoev,E (2475) EU-ch 22nd Terme Catez 2022 (7)}) 13... bxa3 14. bxa3 Ba4 15. Qe2 Ne7 16. Rb1 Qc7 17. Ng5 h6 18. Nh7 Rxh7 19. Bxh7 g6 20. Be3 Bc6 21. h4 Nf5 22. h5 Rxa3 23. Qg4 gxh5 24. Qxh5 Ne7 25. Bxh6 Bxh6 26. Qxh6 Qa5 27. Qf4 Ra2 28. Bd3 Ra4 29. Rfd1 Ra2 30. Kg1 Qa4 31. Bf1 Ng6 32. Qe3 Ra3 33. Rd3 Ra2 34. Rdb3 Ne7 35. Rxb7 Bxb7 36. Bb5+ 1-0

[Event "45th Olympiad 2024"]
[Site "Budapest HUN"]
[Date "2024.09.22"]
[Round "11.53"]
[Board "4"]
[White "Teerapabpaisit, Wisuwat"]
[Black "Bandara, Dhanushka"]
[Result "1/2-1/2"]
[WhiteElo "2070"]
[BlackElo "1903"]
[PlyCount "165"]
[EventDate "2024.09.11"]
[WhiteTeam "Thailand"]
[BlackTeam "Sri Lanka"]
[WhiteTeamCountry "THA"]
[BlackTeamCountry "SRI"]

1. e4 d6 2. d4 Nf6 3. Nc3 Nbd7 4. Be3 e5 5. d5 c6 6. f3 Qa5 7. Qd2 Be7 8. a3 cxd5 9. exd5 a6 10. Bc4 $146 ({RR} 10. Nge2 b5 11. b4 Qc7 12. Ng3 Nb6 13. Bxb6 Qxb6 14. a4 bxa4 15. Nxa4 Qa7 16. c4 O-O 17. Bd3 Qd4 18. Qc3 Qe3+ 19. Ne2 g6 20. Qd2 Qxd2+ 21. Kxd2 Rb8 22. Rhb1 Nd7 23. Nec3 f5 24. Ke2 Bb7 {½-½ Goergens,M (2094)-Kleinschroth,R (2138) GER Cup 1516 final 2016 (5)}) 10... b5 11. Bb3 Qc7 12. Nge2 Nb6 13. O-O O-O 14. Ng3 Nc4 15. Bxc4 Qxc4 16. Rad1 Bd7 17. Qd3 Qxd3 18. cxd3 Rfb8 19. d4 exd4 20. Bxd4 b4 21. axb4 Rxb4 22. Rd2 Rab8 23. Ra1 Bc8 24. Ra2 Ne8 25. Nge2 Nc7 26. Kf2 f5 27. g3 Kf7 28. Be3 Nb5 29. Nd4 Nxd4 30. Bxd4 Bb7 31. Nd1 Bxd5 32. Rxa6 Ra8 33. Rb6 Rxb6 34. Bxb6 Be6 35. Bc7 Ra6 36. Ne3 Rc6 37. Rc2 Rxc2+ 38. Nxc2 g6 39. Bb6 Bf6 40. b4 Bd7 41. Bd4 Bd8 42. Ne3 Ke6 43. Ke2 Bb5+ 44. Kd2 g5 45. f4 gxf4 46. gxf4 Ba6 47. Kc3 d5 48. Be5 d4+ 49. Bxd4 Bc7 50. Bh8 Bxf4 51. Nc2 Bc8 52. h4 Kd5 53. Nd4 Ke4 54. h5 Bb8 55. Nc6 Bd6 56. b5 Bd7 57. Kc4 f4 58. Bd4 Be6+ 59. Kc3 f3 60. Bf2 Bd5 61. Nb4 Bb7 62. Nd3 Kf5 63. h6 Kg4 64. Kd2 Kh3 65. Ne1 Bf4+ 66. Kd3 Bxh6 67. Kd4 Bf8 68. Ke5 h5 69. Kf4 Bh6+ 70. Kf5 Bd2 71. b6 Bc8+ 72. Ke4 Kg4 73. Nd3 Bf5+ 74. Kd4 Bxd3 75. Kxd3 Bf4 76. Ke4 Bb8 77. b7 Bc7 78. Bb6 Bg3 79. Bf2 Bb8 80. Be1 Bc7 81. Bf2 Bb8 82. Be1 Bc7 83. Bf2 1/2-1/2

[Event "45th Olympiad 2024"]
[Site "Budapest HUN"]
[Date "2024.09.22"]
[Round "11.54"]
[Board "1"]
[White "Sanchez Alvarez, Roberto Carlos"]
[Black "Alrehaili, Ahmed Abdullah S"]
[Result "1-0"]
[WhiteElo "2376"]
[BlackElo "2117"]
[PlyCount "65"]
[EventDate "2024.09.11"]
[WhiteTeam "Panama"]
[BlackTeam "Saudi Arabia"]
[WhiteTeamCountry "PAN"]
[BlackTeamCountry "SAU"]

1. d4 Nf6 2. c4 g6 3. Nc3 Bg7 4. e4 d6 5. h3 O-O 6. Be3 c5 7. Nf3 cxd4 8. Nxd4 Nc6 9. Be2 Bd7 10. O-O a6 11. Qc2 Qc7 $146 ({RR} 11... Rc8 12. b3 Qa5 13. Rac1 b5 14. Rfd1 bxc4 15. Bxc4 Nxd4 16. Bxd4 Bb5 {½-½ Jun,R (1880)-Lorenc,O (2081) CZE-chT2D 1819 2018 (6.4)}) ({RR} 11... Rc8 12. Nxc6 Bxc6 13. Rad1 Qa5 14. Qb1 b5 15. Nd5 Bxd5 16. cxd5 Nd7 17. Bg4 Rfd8 18. Rc1 Rxc1 19. Rxc1 h5 20. Bxd7 Rxd7 21. Rc6 Qa4 22. b3 Qa3 23. Qc2 Kh7 24. Kh2 a5 25. Rb6 e6 26. Qc8 {1-0 Indjic,A (2607)-Peyrer,K (2259) Titled Arena Apr 3rd blitz 2021}) ({RR} 11... Rc8 12. Nxc6 Bxc6 13. a4 a5 14. Rad1 Nd7 15. Bg4 Qe8 16. Bd4 Rc7 17. Bxd7 Rxd7 18. Bxg7 Kxg7 19. b3 f5 20. Nd5 e5 21. f4 exf4 22. Rxf4 Qe5 23. Rdf1 Rdf7 24. exf5 Bxd5 25. cxd5 Rxf5 26. Rxf5 {½-½ Hrebenshchykova,Y (2275)-Khurtsilava,I (2186) European Women Rapid 2023 2024 (8.20)}) ({RR} 11... Ne8 12. Qd2 Nc7 13. Nd5 Rb8 14. Rac1 Nxd4 15. Bxd4 Bxd4 16. Qxd4 Ne6 17. Qe3 Bc6 18. Rfd1 Bxd5 19. Rxd5 Nc7 20. Rd2 Qe8 21. c5 dxc5 22. Qxc5 Ne6 23. Qb6 Qa4 24. Bc4 Rbc8 25. b3 {½-½ Czoeppan,T (2011)-Angermaier,G (1930) Regionalliga Sued-Ost 1819 2018 (6.8)}) ({RR} 11... Rc8 12. Nb3 Nb4 13. Qd1 Be6 {½-½ Velten,P (2222)-Buscara,S (2259) FRA-ch Accession 2010 (9)}) 12. Rac1 Nxd4 13. Bxd4 Be6 14. b4 Nd7 15. Be3 Rac8 16. Qd2 b5 17. Nd5 Bxd5 18. exd5 bxc4 19. Rxc4 Qb7 20. Rfc1 Rxc4 21. Rxc4 Ne5 22. Rc2 Rc8 23. a3 Nd7 24. Qc1 Rxc2 25. Qxc2 Nb8 26. Qc4 Kf8 27. a4 Ke8 28. a5 Kd7 29. Bb6 Qc8 30. b5 Qxc4 31. Bxc4 Kc8 32. bxa6 Nd7 33. Bb5 1-0

[Event "45th Olympiad 2024"]
[Site "Budapest HUN"]
[Date "2024.09.22"]
[Round "11.54"]
[Board "2"]
[White "Al Thebaiti, Ahmed M"]
[Black "Delgado Rosas, Alex Antonio"]
[Result "1/2-1/2"]
[WhiteElo "1993"]
[BlackElo "2157"]
[PlyCount "104"]
[EventDate "2024.09.11"]
[WhiteTeam "Saudi Arabia"]
[BlackTeam "Panama"]
[WhiteTeamCountry "SAU"]
[BlackTeamCountry "PAN"]

1. d4 Nf6 2. Bf4 d5 3. e3 c5 4. Nf3 Nc6 5. Nbd2 e6 6. c3 cxd4 7. exd4 Nh5 8. Be3 Bd6 9. Ne5 Nf6 10. Nd3 ({RR} 10. Bf4 Qc7 11. Ndf3 O-O 12. Bd3 Ne4 13. Bg3 f6 14. Nxc6 bxc6 15. Qc2 Rb8 16. O-O Nxg3 17. Bxh7+ Kh8 18. hxg3 g5 19. Bd3 c5 20. g4 cxd4 21. Nxd4 Bc5 22. Nb3 Bb6 23. a4 Kg7 24. Bg6 a5 {½-½ Karjakin,S (2783)-Nakamura,H (2786) chess.com Speed 5m+2spm 2017 blitz (3.3)}) 10... b6 $146 ({RR} 10... O-O 11. g3 e5 12. dxe5 Nxe5 13. Nxe5 Bxe5 14. Nf3 Bc7 15. Bg2 Ng4 16. O-O Nxe3 17. fxe3 Be6 18. Nd4 Qg5 19. Qf3 Rae8 20. Rae1 Bb6 21. Kh1 h5 22. a3 g6 23. e4 dxe4 24. Qxe4 Bc4 25. Qxe8 {0-1 Decuigniere,T (2400)-De Boer,E (2384) Titled Tue 2nd Jul Early 2024 (3)}) ({RR} 10... Qc7 11. g3 O-O 12. Bg2 b6 13. Rc1 Bb7 14. O-O Rac8 15. Re1 Na5 16. Bf4 Rfd8 17. Bxd6 Rxd6 18. Nf3 Rdd8 19. Nfe5 Nc4 20. f3 Qd6 21. Rc2 Rc7 22. Bf1 b5 23. a3 Nd7 24. Nxd7 Qxd7 25. Bh3 {1-0 Matkovic,S (1937)-Stankovic,M (1629) SRB-chT (Women) 2018 (9.4)}) ({RR} 10... b5 11. g3 O-O 12. Bg2 a5 13. O-O Ba6 14. Rc1 Rc8 15. b3 Ba3 16. Rc2 b4 17. c4 dxc4 18. Nxc4 Nxd4 19. Rd2 Bxc4 20. bxc4 Nf5 21. Bc5 Re8 22. Ne5 Qc7 23. Nc6 e5 24. Bd5 e4 25. Qb3 {1-0 Tang,A (2502)-Chirilov,J (2249) New York 1924 Centennial 2024 (7.4)}) 11. g3 Bb7 12. Bg2 O-O 13. O-O Ne7 14. Bf4 Ba6 15. Bxd6 Qxd6 16. Nf3 Qc7 17. Re1 Bxd3 18. Qxd3 Nf5 19. Ne5 Nd6 20. Qe2 b5 21. Nd3 a5 22. a3 Nd7 23. h4 Nb8 24. h5 h6 25. g4 Qd8 26. Qe3 Nc6 27. Qg3 Rb8 28. f4 b4 29. axb4 axb4 30. f5 Ne4 31. Bxe4 dxe4 32. Rxe4 bxc3 33. bxc3 Qd5 34. Re3 exf5 35. Nf4 Qd6 36. g5 Rfe8 37. g6 fxg6 38. hxg6 Re4 39. Rae1 Rbe8 40. Rxe4 fxe4 41. Qg4 Nxd4 42. cxd4 Qxd4+ 43. Kh1 e3 44. Qf5 Qe4+ 45. Qxe4 Rxe4 46. Ng2 Rg4 47. Rxe3 Rxg6 48. Rf3 Ra6 49. Kh2 Kh7 50. Nf4 Rf6 51. Kg2 g5 52. Ne2 Rxf3 1/2-1/2

[Event "45th Olympiad 2024"]
[Site "Budapest HUN"]
[Date "2024.09.22"]
[Round "11.54"]
[Board "3"]
[White "Baules Rodriguez, Jorge Luis"]
[Black "Alshnaiber, Yazeed"]
[Result "1/2-1/2"]
[WhiteElo "2271"]
[BlackElo "1889"]
[PlyCount "111"]
[EventDate "2024.09.11"]
[WhiteTeam "Panama"]
[BlackTeam "Saudi Arabia"]
[WhiteTeamCountry "PAN"]
[BlackTeamCountry "SAU"]

1. e4 e5 2. Nf3 Nc6 3. Bc4 Bc5 4. c3 Nf6 5. d3 O-O 6. b4 Be7 7. O-O d5 8. exd5 Nxd5 9. b5 Na5 10. Bxd5 Qxd5 11. c4 Qe6 ({RR} 11... Qd8 12. Bd2 e4 13. Bxa5 exf3 14. Qxf3 a6 15. a4 Bf6 16. Bc3 axb5 17. Bxf6 Qxf6 18. Qxf6 gxf6 19. cxb5 Rd8 20. Rd1 Bf5 21. Nc3 Rxd3 22. Rxd3 Bxd3 23. f3 b6 24. Rd1 Bc4 25. Kf2 Bb3 26. Rd4 {1-0 Jobava,B (2571)-Tsomaia,N (2231) 83rd ch-GEO 2024 (2.4)}) 12. Re1 f6 13. Nc3 $146 ({RR} 13. Bd2 b6 14. Bxa5 bxa5 15. Nd4 Qd7 16. Nc6 Bb4 17. Nxb4 axb4 18. Qf3 Rb8 19. Nd2 a6 20. bxa6 Bxa6 21. Nb3 Rfd8 22. Nc5 Qd6 23. Qe3 Bc8 24. Rab1 Ra8 25. Rxb4 Rxa2 26. Rb3 Ra5 27. Ne4 Qe7 {½-½ Shcherbakov,R (2516)-Predke,A (2417) Nezhmetdinov Memorial 32nd 2010 (8)}) 13... b6 14. Nd5 Bd6 15. Bd2 Bb7 16. Bxa5 bxa5 17. Nd4 Qd7 18. Nc6 Bxc6 19. bxc6 Qxc6 20. Qg4 Rae8 21. Qf3 Qd7 22. Qe3 c6 23. Nc3 Bb4 24. Rec1 Rd8 25. a3 Bxc3 26. Rxc3 Qd4 27. Qxd4 Rxd4 28. Rb1 Rfd8 29. Kf1 R8d7 30. Rb8+ Kf7 31. Rc8 Rxd3 32. Rxd3 Rxd3 33. Rxc6 Rxa3 34. Rc7+ Kg6 35. Rxa7 Rc3 36. Rxa5 Rxc4 37. g3 h5 38. h4 Kf5 39. Kg2 g6 40. Ra6 Rb4 41. Rc6 Rb2 42. Rc5 Rd2 43. Ra5 Rd4 44. Rb5 g5 45. hxg5 fxg5 46. Rb8 e4 47. Rf8+ Kg4 48. Re8 Ra4 49. Re7 h4 50. gxh4 Kxh4 51. Re8 Kg4 52. Rxe4+ Rxe4 53. f3+ Kf4 54. fxe4 Kxe4 55. Kg3 Kf5 56. Kf3 1/2-1/2

[Event "45th Olympiad 2024"]
[Site "Budapest HUN"]
[Date "2024.09.22"]
[Round "11.54"]
[Board "4"]
[White "Khayat, Emad"]
[Black "Schnell, Sebastian Narayana"]
[Result "0-1"]
[WhiteElo "1907"]
[BlackElo "2059"]
[PlyCount "124"]
[EventDate "2024.09.11"]
[WhiteTeam "Saudi Arabia"]
[BlackTeam "Panama"]
[WhiteTeamCountry "SAU"]
[BlackTeamCountry "PAN"]

1. d4 Nf6 2. Nf3 g6 3. g3 Bg7 4. Bg2 O-O 5. O-O d6 6. b3 c6 7. Bb2 Qa5 8. Re1 Qh5 9. Nbd2 Bh3 ({RR} 9... Bg4 10. c4 Nbd7 11. Qc2 e5 12. e4 Rfe8 13. dxe5 dxe5 14. c5 Rad8 15. Qc3 b6 16. cxb6 axb6 17. Nc4 Nc5 18. Ncxe5 Nfd7 19. Rad1 Bxf3 20. Qxf3 Qxf3 {0-1 Zhao,J (2610)-Mamedyarov,S (2817) PRO League Stage rapid 2019 (4)}) 10. e4 Bxg2 ({RR} 10... Nbd7 11. Nh4 Qxd1 12. Raxd1 Bxg2 13. Nxg2 a5 14. Nf3 a4 15. a3 b5 16. Nf4 e6 17. Nd3 Rfc8 18. e5 dxe5 19. Nfxe5 Nxe5 20. dxe5 Nd5 21. Nc5 axb3 22. cxb3 Bf8 23. Rc1 Rd8 24. Re2 h5 25. h4 {½-½ Karolyi,L (1855)-Borecky,A (1618) Ceske Budejovice Open 2024 (6.44)}) 11. Kxg2 Nbd7 12. e5 $146 ({RR} 12. Qe2 e5 13. dxe5 Ng4 14. h3 Ngxe5 15. Nxe5 Qxe2 16. Rxe2 dxe5 17. Nc4 Rfe8 18. Rd1 Re7 19. Red2 Nc5 20. f3 Kf8 21. Ba3 b6 22. Bxc5 bxc5 23. Rd6 Rc7 24. Na5 Rac8 25. R6d3 Ke7 26. Rc3 f5 {1-0 Ronka,E (2355)-Einarsson,H (2207) Titled Tuesday intern op 15th Feb Early blitz 2022 (2)}) ({RR} 12. h3 Qa5 13. Qe2 Nh5 14. e5 dxe5 15. dxe5 Nc5 16. Nc4 Qc7 17. Qe3 Ne6 18. Nd4 b6 19. Qe4 Rac8 20. Nxe6 fxe6 21. Qg4 Rf7 22. Qxe6 Rcf8 23. Rad1 Kh8 24. Re2 Bh6 25. Rd7 Qc8 26. Nd6 exd6 {1-0 Sambolec,Z (2245)-Popadic,D (2200) YUG-chT2 Tivat 1995 (7)}) 12... Nd5 13. Re4 g5 14. h3 f5 15. exf6 N7xf6 16. Re1 Rf7 17. c4 Nb4 18. Bc3 Na6 19. Nh2 Qg6 20. Qb1 Qh6 21. Ne4 Raf8 22. f3 Qh5 23. Nxf6+ Bxf6 24. Qe4 Nc7 25. Rad1 d5 26. Qd3 Rg7 27. g4 Qf7 28. Nf1 Ne6 29. Rxe6 Qxe6 30. Re1 dxc4 31. bxc4 Qd7 32. Ng3 e6 33. Nh5 Rgf7 34. Nxf6+ Rxf6 35. d5 Rxf3 36. Qd4 Rxc3 37. Qxc3 exd5 38. Qe5 dxc4 39. Qxg5+ Qg7 40. Qc5 Qf7 41. Re7 Qf3+ 42. Kh2 Qf2+ 43. Qxf2 Rxf2+ 44. Kg3 Rb2 45. Kf4 c3 46. Ke3 a5 47. Kd3 b5 48. Kxc3 Rxa2 49. Rc7 Ra3+ 50. Kb2 Rxh3 51. Rxc6 a4 52. Rc7 Rb3+ 53. Kc2 Rb4 54. Rb7 a3 55. g5 Rb2+ 56. Kc1 b4 57. Ra7 Rg2 58. Kb1 Rxg5 59. Rb7 Rg4 60. Ka1 h5 61. Kb1 h4 62. Rd7 b3 0-1

[Event "45th Olympiad 2024"]
[Site "Budapest HUN"]
[Date "2024.09.22"]
[Round "11.55"]
[Board "1"]
[White "Chinchilla, Alejandro Jose"]
[Black "Mwali, Chitumbo"]
[Result "1/2-1/2"]
[WhiteElo "2113"]
[BlackElo "2312"]
[PlyCount "76"]
[EventDate "2024.09.11"]
[WhiteTeam "Honduras"]
[BlackTeam "Zambia"]
[WhiteTeamCountry "HON"]
[BlackTeamCountry "ZAM"]

1. e4 e5 2. Nf3 Nc6 3. Bc4 Nf6 4. Ng5 d5 5. exd5 Na5 6. Bb5+ c6 7. dxc6 bxc6 8. Bd3 h6 9. Ne4 Nd5 10. O-O Be7 11. Re1 O-O 12. Ng3 Bd6 13. Bf5 Bb7 ({RR} 13... g6 14. Bxc8 Rxc8 15. d4 exd4 16. Bxh6 Re8 17. Rxe8+ Qxe8 18. Nd2 c5 19. Nde4 Bf8 20. Bxf8 Qxf8 21. c3 Qg7 22. Qa4 dxc3 23. Qxa5 cxb2 24. Rb1 f5 25. Qd2 Qd4 26. Qh6 Qg7 27. Qxg7+ Kxg7 28. Rxb2 {½-½ Soto Vega,J (2354)-Ai,E (2188) Titled Tue 13th Feb Late 2024 (8)}) 14. d3 c5 15. Nc3 $146 ({RR} 15. Qh5 Nf4 16. Bxf4 exf4 17. Ne4 Nc6 18. Nxd6 Qxd6 19. Be4 f5 20. Bf3 Rab8 21. Na3 Ne5 22. Bxb7 Rxb7 23. Qe2 Re7 24. Nc4 Qc7 25. Nxe5 Rfe8 26. Qd2 Rxe5 27. Kf1 f3 28. gxf3 R5e6 29. Rxe6 Rxe6 {½-½ Garcia Castany Musellas,G (2037)-Triadu Cassa,J (2111) Girona Provincial-ch 2011 (7)}) 15... Ne7 16. Be4 Nac6 17. Nf5 Nxf5 18. Bxf5 Rb8 19. Ne4 Be7 20. Ng3 Nd4 21. Be4 Bc8 22. c3 f5 23. cxd4 fxe4 24. Nxe4 Qxd4 25. Rb1 Ba6 26. Be3 Qd5 27. b3 Bxd3 28. Nxc5 Bxc5 29. Bxc5 Qxc5 30. Qxd3 Qxf2+ 31. Kh1 Rbd8 32. Qc4+ Kh8 33. a4 Rd2 34. Rg1 Rf4 35. Qe6 e4 36. Rbc1 Rd8 37. Rce1 Qd4 38. g3 Rf6 1/2-1/2

[Event "45th Olympiad 2024"]
[Site "Budapest HUN"]
[Date "2024.09.22"]
[Round "11.55"]
[Board "2"]
[White "Kayonde, Andrew"]
[Black "Colindres, Daniel"]
[Result "1-0"]
[WhiteElo "2338"]
[BlackElo "2079"]
[PlyCount "77"]
[EventDate "2024.09.11"]
[WhiteTeam "Zambia"]
[BlackTeam "Honduras"]
[WhiteTeamCountry "ZAM"]
[BlackTeamCountry "HON"]

1. d4 Nf6 2. Nf3 g6 3. Nbd2 d5 4. e3 Bg7 5. b4 a5 6. b5 c5 7. bxc6 Nxc6 8. Be2 O-O 9. O-O Bf5 10. Nh4 ({RR} 10. c3 Qc7 11. a4 e5 12. Ba3 Rfc8 13. Rc1 e4 14. Nh4 Be6 15. g3 g5 16. Ng2 Qd7 17. f3 exf3 18. Bxf3 Bf5 19. Qb3 Bd3 20. Rf2 Qe6 21. Qd1 b6 22. Nf1 Be4 23. Nd2 Bd3 24. Nf1 Be4 {½-½ Aronian,L (2765)-Vachier Lagrave,M (2778) Sinquefield Cup 7th 2019 (1)}) ({RR} 10. c4 Nb4 11. Qb3 dxc4 12. Bxc4 Bc2 13. Qb2 b5 14. Bxb5 Rb8 15. a4 Nfd5 16. Ra3 Qc7 17. Ne1 e5 18. Ndf3 exd4 19. Nxd4 Rfc8 20. Nexc2 Nxc2 21. Qxc2 Qxc2 22. Nxc2 Rxc2 23. Rd3 Nc3 24. Ba3 Bf6 {½-½ Samunenkov,I (2535)-Salem,A (2638) 57th Biel GM2 Blitz 2024 (6.1)}) 10... Ne4 $146 ({RR} 10... Be6 11. a4 Qc7 12. Ba3 Nb4 13. Qb1 Ne4 14. Bxb4 axb4 15. Qxb4 Qxc2 16. Nhf3 Rfc8 17. Rfb1 Nc3 18. Bd1 Nxd1 19. Rxd1 Bf6 20. h3 Qc7 21. Rdb1 Ra7 22. Nb3 b6 23. Rc1 Qb7 24. Rxc8+ Bxc8 25. a5 {0-1 Tica,S (2398)-Ding,L (2805) PRO League Stage rapid 2020 (7)}) ({RR} 10... Be6 11. Rb1 Qc8 12. Bb2 Rd8 13. Nhf3 a4 14. Ba3 Ne4 15. Nxe4 dxe4 16. Ng5 Bxa2 17. Rb2 h6 18. Nxe4 Bd5 19. Nc5 e5 20. c4 Be6 21. Nxb7 exd4 22. Nxd8 Qxd8 23. Bf3 Rc8 24. Bxc6 Rxc6 25. exd4 {0-1 Tarlabasi,E (2352)-Mosadeghpour,M (2494) Baku Summer GM 2019 (3.2)}) 11. Nxf5 Nc3 12. Qe1 Nxe2+ 13. Qxe2 gxf5 14. Ba3 Nb4 15. Rfc1 Qd7 16. c3 Qa4 17. Bb2 Na6 18. Qd3 Qd7 19. c4 Rfc8 20. a4 Nb4 21. Qb3 Rc6 22. Bc3 dxc4 23. Nxc4 Nd5 24. Bd2 b6 25. Ra2 Rac8 26. Rac2 Qe6 27. Na3 Qd7 28. Qb5 Nb4 29. Bxb4 Rxc2 30. Rxc2 Rxc2 31. Nxc2 Qxb5 32. axb5 axb4 33. Nxb4 e6 34. h3 Kf8 35. Nc6 Ke8 36. g4 fxg4 37. hxg4 Kd7 38. Ne5+ Ke7 39. Nc4 1-0

[Event "45th Olympiad 2024"]
[Site "Budapest HUN"]
[Date "2024.09.22"]
[Round "11.55"]
[Board "3"]
[White "Soliz Gabarrete, Luis Fernando"]
[Black "Mulenga, Prince Daniel"]
[Result "1-0"]
[WhiteElo "1920"]
[BlackElo "2184"]
[PlyCount "73"]
[EventDate "2024.09.11"]
[WhiteTeam "Honduras"]
[BlackTeam "Zambia"]
[WhiteTeamCountry "HON"]
[BlackTeamCountry "ZAM"]

1. e4 c5 2. Nf3 d6 3. c3 Nf6 4. h3 g6 5. Bd3 Bg7 6. Bc2 O-O 7. d4 cxd4 8. cxd4 Nc6 9. Nc3 e5 ({RR} 9... Nd7 10. O-O e5 11. Bg5 Qa5 12. d5 Nd4 13. Be7 Re8 14. Bxd6 b5 15. Bd3 a6 16. Nxd4 exd4 17. Ne2 Qb6 18. Bf4 Nc5 19. Ng3 Bd7 20. Re1 b4 21. Bc4 Bb5 22. Rc1 Rad8 23. b3 h5 24. Qf3 {0-1 Fedoseev,V (2704)-Sarana,A (2685) Chess.com Rapid Wk3 Swiss 2022 (7)}) 10. O-O ({RR} 10. dxe5 dxe5 11. O-O Be6 12. Bg5 h6 13. Bxf6 Bxf6 14. Nd5 Bg7 15. Qd2 Nd4 16. Nxd4 exd4 17. Bb3 Rc8 18. Rac1 Qd6 19. Rxc8 Rxc8 20. Rc1 Rxc1+ 21. Qxc1 Bxd5 22. Bxd5 b6 23. Qc8+ Kh7 24. Bxf7 h5 {1-0 Vincenti,L (2152)-Ivanov,A (1982) Titled Tue 10th Sep Early 2024 (7)}) 10... h6 11. d5 $146 ({RR} 11. dxe5 dxe5 12. Be3 Qe7 13. Qe2 Be6 14. Rad1 Rfc8 15. Nd5 Qf8 16. Bxh6 Nxd5 17. exd5 Bxd5 18. Rxd5 Bxh6 19. a3 Qe7 20. Rfd1 Rd8 21. Bb3 Bg7 22. Qe4 Rxd5 23. Rxd5 Re8 24. Qg4 Qf6 25. Rd7 Re7 {1-0 Sariyev,R (1964)-Ignacz,M (2242) San Agustin op 12th 2007 (2)}) ({RR} 11. Be3 Bd7 12. Qd2 Kh7 13. Rfd1 a6 14. dxe5 Nxe5 15. Nxe5 dxe5 16. Bc5 Re8 17. Qe3 Bf8 18. Bb6 Qe7 19. Rd3 Rec8 20. Rad1 Be6 21. Bb3 Bxb3 22. axb3 Qe6 23. Nd5 Nxd5 24. exd5 Qd6 25. b4 Bg7 {1-0 Bitoon,R (2372)-Yan,R (2230) National Open 2023 (8.19)}) 11... Ne7 12. Be3 a6 13. a4 Nh5 14. Nd2 Bd7 15. a5 Rc8 16. Ra3 Nf4 17. Rb3 Qc7 18. Bb6 Qb8 19. Kh2 h5 20. h4 g5 21. hxg5 h4 22. g3 Nfg6 23. Ra3 f6 24. gxf6 Rxf6 25. Ba4 Bxa4 26. Nxa4 Rcf8 27. Rf3 Qe8 28. Nc3 Qf7 29. Rxf6 Qxf6 30. Be3 Rf7 31. Kg2 Bf8 32. Qg4 Qg7 33. Qg5 Qh7 34. Rh1 Bg7 35. Nc4 Rf6 36. Qg4 Bh6 37. Rxh4 1-0

[Event "45th Olympiad 2024"]
[Site "Budapest HUN"]
[Date "2024.09.22"]
[Round "11.55"]
[Board "4"]
[White "Hapaku, Charles"]
[Black "Zuniga Garcia, German"]
[Result "1-0"]
[WhiteElo "2102"]
[BlackElo "1877"]
[PlyCount "79"]
[EventDate "2024.09.11"]
[WhiteTeam "Zambia"]
[BlackTeam "Honduras"]
[WhiteTeamCountry "ZAM"]
[BlackTeamCountry "HON"]

1. c4 g6 2. d4 Bg7 3. Nc3 c5 4. Nf3 Nf6 5. e4 cxd4 6. Nxd4 Nc6 7. Be3 d6 8. Be2 Qa5 9. O-O O-O 10. a3 Bd7 11. b4 Qc7 12. Rc1 Rfc8 ({RR} 12... Rac8 13. f3 a6 14. Nd5 Qd8 15. Nb3 Nxd5 16. exd5 Nb8 17. Qd2 Qc7 18. c5 Rfe8 19. Na5 dxc5 20. Rxc5 {1-0 Nomin Erdene,D (2468)-Petrov,M (2440) Novi Sad Sajam GM 2016 (4)}) 13. h3 Qd8 14. f4 a6 $146 ({RR} 14... Nxd4 15. Bxd4 Be6 16. e5 Ne8 17. c5 dxe5 18. Bxe5 f6 19. Bd4 Nc7 20. Bf3 Rab8 21. Re1 Bf7 22. Bf2 Qf8 23. Qd7 Bh6 24. Bg3 e5 25. Rcd1 exf4 26. Bh4 Bg7 27. Re7 Be8 28. Qd6 g5 29. Rxc7 {1-0 Mester,G (2440)-Istvanovszky,K (2266) HUN-chT2 Maroczy 0708 2007 (3)}) 15. Nf3 Nh5 16. Nd5 Ng3 17. Re1 Nxe2+ 18. Rxe2 Rab8 19. Bb6 Qe8 20. b5 Nd8 21. Bc7 axb5 22. Bxb8 Rxb8 23. Nc7 Qf8 24. cxb5 Ne6 25. Nxe6 fxe6 26. Qb3 Kh8 27. Rc7 Qe8 28. a4 Qd8 29. Rec2 Bh6 30. Nd4 d5 31. Qc3 Kg8 32. Qf3 Bg7 33. e5 g5 34. Qg4 Kf7 35. Qxg5 Ra8 36. f5 exf5 37. Rxd7 Qxd7 38. e6+ Kf8 39. Qxg7+ Kxg7 40. exd7 1-0